000 01304nam a2200229Ia 4500
003 Ost
005 20260507074905.0
008 260507s9999||||xx |||||||||||||| ||und||
040 _cfsecg
041 _aara
082 _a657
100 _aالصبان، محمد سمير
_eمؤلف
245 0 _aالمحاسبة المتوسطة :
_bالإطار الفكري والعملي للمحاسبة كنظام للمعلومات /
_c محمد سمير الصبان
260 _aالإسكندرية:
_bالدار الجامعية للنشر,
_c2003
300 _a440 صفحة؛
_bإيضاحات ؛
_c24 سم
520 _aالمحاسبة كنظام للمعلومات، الإطار الفكري للمحاسبة المالية، قائمة الدخل والأرباح المحتجزة وقائمة التدفقات النقدية، القياس المحاسبي للأصول النقدية، المحاسبة عن الإستثمارات، القياس المحاسبي للأصول غي النقدية، المخزون السلعي
653 _aالمحاسبة
653 _aنظم المعلومات- المؤسسة الممتدة
700 _aابراهيم، جمعة اسماعيل
_eمؤلف ثانوي
700 _aكامل، أحمد محمد
_eمؤلف ثانوي
942 _cكتاب
999 _c41689
_d41689